000 00364nam a22001217a 4500
999 _c1053
_d1053
005 20200822135920.0
008 200822b ||||| |||| 00| 0 eng d
020 _a0030471443
040 _cCML
245 _aElements of Writing.
_cWarriner, K.
260 _aToronto
_bHolt, Rinehart and Winston, Inc
_c1993
942 _2ddc
_cBK
_e1st Edition
_h411
_mWAR